| 000 | 00701nas a22002291i#4500 | ||
|---|---|---|---|
| 001 | 1419 | ||
| 003 | ES-MaACL | ||
| 005 | 20250824012556.0 | ||
| 007 | t| | ||
| 008 | 950801i19081929it | | 1 ||ng d | ||
| 080 | _a73 | ||
| 245 | 0 | 4 |
_aThe mask _b: a quarterly journal of the art of the theatre. |
| 260 |
_aFlorence : _bThe Mask offices, _c1908-1929 ( _fE. Morandi) |
||
| 300 |
_a8 v. ; _c34 y 23 cm. |
||
| 310 | _aMensual | ||
| 362 | 0 | _aVol. 1, no. 1 (Mar. 1908)-v. 15, no. 4 (Oct.-Nov.-Dec. 1929) | |
| 650 | 7 |
_aTeatro _2embne _917290 |
|
| 852 |
_aES-MaACL _jZ-45 _dOlim: Hem-544 |
||
| 866 | 0 | _o1908-1910 (1911 f. oct.) 1912-14 (1915). | |
| 942 | _2udc | ||
| 999 |
_c1419 _d1419 |
||